|
|
|
|
| LEADER |
00000nam a2200000 a 4500 |
| 005 |
20110823110858.0 |
| 008 |
060327s2005 sp |||||| 000 ||spa|| |
| 020 |
|
|
|a 8497727703
|
| 035 |
|
|
|a 5606
|
| 040 |
|
|
|d vLex
|
| 090 |
|
|
|c 2247
|d 2247
|
| 245 |
0 |
3 |
|a La Financiacin̤ de los municipios
|b experiencias comparadas /
|c Gabriel Casado Ollero, coordinador ; Pierre Beltrame... [et al.]
|h [Recurso electrn̤ico] :
|
| 256 |
|
|
|a Servicio en ln̕ea.
|
| 260 |
|
|
|a Madrid :
|b Dykinson,
|c 2005
|
| 300 |
|
|
|a 748 p.;
|c 24 cm
|
| 500 |
|
|
|a La obra ofrece una suma de reflexiones latinoamericanas y europeas sobre la trayectoria, ms̀ o menos dilatada, segn︢ los casos, de la Hacienda municipal en diferentes geografa̕s jurd̕icas, culturales y polt̕icas. En definitiva, un mosaico de experiencias, prx̤imas y distantes, sobre la ordenacin̤ y sobre la realidad del rǧimen financiero municipal en una muestra, azarosa pero elocuente, de Ordenamientos europeos (Alemania, Francia, Italia, Portugal y Espaą) y latinoamericanos (Argentina, Brasil, Chile, Costa Rica, El Salvador, Mx̌ico, Per,︢ Uruguay y Venezuela).
|
| 506 |
1 |
|
|a Contenido solo disponible en los productos indicados
|d vLex Global
|d vLex Global (Academic Edition, excluding Law Schools)
|d vLex Global (U.S. Academic Edition, Law Schools)
|d vLex Global (U.S. Academic Edition, excluding Law Schools)
|d vLex Global (Academic Edition, Law Schools)
|
| 650 |
0 |
4 |
|a Finanzas locales
|
| 650 |
0 |
4 |
|a Finanzas municipales
|
| 700 |
1 |
|
|a Casado Ollero, Gabriel
|
| 700 |
1 |
|
|a Beltrame, Pierre
|
| 740 |
0 |
|
|a vLex Libros (Servicio en ln̕ea)
|
| 830 |
|
0 |
|a Instituto de Derecho Comparado
|
| 856 |
4 |
0 |
|u http://vlex.com/source/5606
|z Acceso restringido
|
| 942 |
|
|
|c BOOK
|